Marki samochodów na literę H - Statystyki

Ogólne statystyki
  • Ten quiz został rozwiązany 53 razy
  • Średni wynik to 2 z 19
Statystyki odpowiedzi
Hint Odpowiedź % Poprawnych
Japonia Honda
93%
Korea Południowa Hyundai
93%
Australia Holden
17%
USA Hennessey
10%
Szwajcaria Hispano-Suiza
2%
USA Hudson
2%
Chiny Hafei
0%
Indie Hindustan
0%
Japonia Hino
0%
Francja Hinstin
0%
Hiszpania Hiriko
0%
Węgry Hódgép
0%
USA Holsman
0%
Japonia Hope
0%
Chiny Horki
0%
Francja Hotchkiss Grégoire
0%
USA Hupmobile
0%
Hiszpania Hurtan
0%
Chiny Hycan
0%
Nie znaleziono quizów pasujących do podanych kryteriów
Rozkład punktacji
Procent ludzi z każdym wynikiem
Percentyl według liczby udzielonych odpowiedzi
Twoja historia wyników
Nie rozwiązałeś tego quizu